000 00993nam a2200205 a 4500
001 000015442
005 20200929164037.0
008 970619s1991 sp ab b 100 0 spa d
020 _a8477901082
040 _aDO-SdBNP
_bspa
_cBNPHU
082 _axxxx
_bS471s
111 2 _aSeminario sobre Antiguas obras hidráulicas en America
_d(1993 abril 25-28 :
_cMéxico)
_934863
245 1 0 _aAntiguas obras hidráulicas en America :
_bactas del seminario Mexico, 1988.
260 _aMadrid :
_bCEDEX, Centro de Estudios y Experimentación de Obras Públicas :
_bCentro de Estudios Históricos de Obras Públicas y Urbanísmo, Ministerio de Obras Públicas y Transportes,
_c1991.
300 _a548 p. :
_bils., maps ;
_c30 cm.
504 _aIncluye referencias bibliográficas y notas al pie de las páginas
590 _aInventariado, 2019/VM
710 2 _aCentro de Estudios y Experimentación de Obras Públicas
_934864
710 2 _aCentro de Estudios Históricos de Obras Pública y Urbanismo
_934865
999 _c14999
_d14999